000 00644nam a2200205 a 4500
001 BRCA_7409
005 20190320205826.0
008 230313s1931----mx-a######---#000-0#spa-#
041 _aspa
044 _amx
050 4 _aCJ5836
_b.R66 1931
100 1 _aRomero de Terreros y Vinent, Manuel
_99692
245 1 0 _aLas medallas de proclamación de la independencia y del primer imperio mexicano
_cpor Manuel Romero de Terreros.
260 _aMéxico
_bMuseo Nacional de Arqueología, Historia y Etnografía
_c1931
300 _a14 p.
_bil., láminas
500 _aQ137
650 1 4 _aMedallas mexicanas
_99424
902 _aGFM
942 _2lcc
_cB
999 _c7085
_d7085